Devinez la Capitale Mystère #70 - Statistiques

Statistiques générales
  • Ce quiz a été pris 139 fois
  • Le résultat moyen est 27 sur 35
Statistiques - réponses
Type de Réponse Réponse % Correct
Lettre de l'Alphabet E
100%
Lettre de l'Alphabet R
100%
Lettre Trouvée A
99%
Lettre de l'Alphabet I
99%
Lettre de l'Alphabet N
99%
Lettre de l'Alphabet O
99%
Lettre de l'Alphabet S
99%
Lettre Trouvée B
97%
Lettre de l'Alphabet L
95%
Lettre de l'Alphabet P
94%
Lettre Trouvée T
94%
Lettre de l'Alphabet D
92%
Lettre de l'Alphabet M
92%
Lettre de l'Alphabet U
92%
Lettre Trouvée G
91%
Lettre de l'Alphabet K
86%
Lettre Trouvée H
85%
Lettre Bien Placée T
82%
Lettre Trouvée C
81%
Lettre de l'Alphabet W
80%
Lettre Bien Placée A
68%
Lettre Bien Placée A
67%
Lettre de l'Alphabet X
67%
Lettre de l'Alphabet V
65%
Lettre Bien Placée A
64%
Lettre de l'Alphabet Y
62%
Lettre Bien Placée B
59%
Lettre de l'Alphabet J
58%
Lettre de l'Alphabet Z
58%
Lettre Bien Placée G
57%
Lettre de l'Alphabet Q
50%
Lettre de l'Alphabet F
48%
Lettre Bien Placée H
46%
Lettre Bien Placée C
43%
Capitale Mystère Achgabat
42%
Aucun quiz correspondant
Distribution des résultats
% des personnes avec chaque résultat
Percentile par nombre de réponses
Votre historique - résultats
Vous n’avez pas pris ce quiz